Digital-botanic architecture / (Record no. 18642)
[ view plain ]
| 000 -LEADER | |
|---|---|
| fixed length control field | 00693cam a2200241Ia 4500 |
| 020 ## - INTERNATIONAL STANDARD BOOK NUMBER | |
| ISBN | 0930829549 |
| 040 ## - CATALOGING SOURCE | |
| Transcribing agency | TEF |
| 082 04 - DEWEY DECIMAL CLASSIFICATION NUMBER | |
| Classification number | 720 DCD 2005 C149 Or. |
| 100 1# - MAIN ENTRY--AUTHOR NAME | |
| Personal name | Dollens, Dennis |
| 245 10 - TITLE STATEMENT | |
| Title | Digital-botanic architecture / |
| 246 13 - VARYING FORM OF TITLE | |
| Title proper/short title | D-B-A |
| 246 3# - VARYING FORM OF TITLE | |
| Title proper/short title | DBA |
| 260 ## - PUBLICATION, DISTRIBUTION, ETC. (IMPRINT) | |
| Place of publication | Santa Fe : |
| Name of publisher | SITES Books ; |
| Place of publication | St. Paul, MN : |
| Name of publisher | Distributed by Consortium Book Sales and Distribution, |
| Year of publication | c2005 |
| 300 ## - PHYSICAL DESCRIPTION | |
| Number of Pages | 96 p. : |
| Other physical details | ill. ; |
| Dimensions | 22 cm |
| 650 #0 - SUBJECT ADDED ENTRY--TOPICAL TERM | |
| Topical Term | Architecture |
| 650 #0 - SUBJECT ADDED ENTRY--TOPICAL TERM | |
| Topical Term | Morphology |
| 650 #0 - SUBJECT ADDED ENTRY--TOPICAL TERM | |
| Topical Term | Structural design |
| 650 #0 - SUBJECT ADDED ENTRY--TOPICAL TERM | |
| Topical Term | Architectural design |
| 650 #0 - SUBJECT ADDED ENTRY--TOPICAL TERM | |
| Topical Term | Botany in art |
| 650 #0 - SUBJECT ADDED ENTRY--TOPICAL TERM | |
| Topical Term | Computer-aided design |
| 650 #0 - SUBJECT ADDED ENTRY--TOPICAL TERM | |
| Topical Term | Decoration and ornament, Architectural |
| 942 ## - ADDED ENTRY ELEMENTS (KOHA) | |
| Koha item type | ADB |
| 952 ## - LOCATION AND ITEM INFORMATION (KOHA) | |
| Withdrawn status [LOCAL, KOHA] | 0 |
| Source of acquisition | Permanent Location | Date acquired | Koha item type | Lost status | Shelving location | Current Location | Full call number |
|---|---|---|---|---|---|---|---|
| A39515 | Library Block C | 2019-12-30 | សៀវភៅភាសាអង់គ្លេស | C149 | Library Block C | 720 DCD 2005 C149 Or. |